000 00511nam a2200181Ia 4500
001 25359
005 20260414151144.0
008 260414t2014||||xx |||||||||||||| ||spa||
041 _aESP
082 _a346.5
_bD75
100 _aDíez-Picazo Ponce de León, Luis
_eAUT
245 0 _aLa doctrina de los actos propios :
_bun estudio crítico sobre la jurisprudencia del Tribunal Supremo
260 _c2014
300 _a997 páginas :
_c24 cm.
650 _aDER
654 _aCDE
942 _cLIB
_dJUS
_fJUS
_2ddc
_n
999 _c25359
_d25359